Most Successful Countries in UEFA Europa League - Statistics

General Stats
  • This quiz has been taken 56 times
  • The average score is 14 of 16
Answer Stats
Finals
Record
Countries % Correct
10 W 9 L England
100%
7 W 9 L Germany
100%
14 W 5 L Spain
100%
10 W 8 L Italy
95%
2 W 5 L Portugal
95%
0 W 5 L France
93%
4 W 3 L Netherlands
93%
1 W 2 L Belgium
91%
2 W 0 L Russia
86%
2 W 0 L Sweden
86%
1 W 0 L Turkey
84%
0 W 1 L Yugoslavia
82%
0 W 4 L Scotland
80%
1 W 1 L Ukraine
80%
0 W 1 L Austria
77%
0 W 1 L Hungary
61%
No matching quizzes found
Score Distribution
Percent of People with Each Score
Percentile by Number Answered
Your Score History
You have not taken this quiz